000 00244nam a2200097Ia 4500
005 20251222114402.0
008 251222s1900||||xx |||||||||||||| ||spa||
082 _aDVD0040/M12/2003
245 0 _aLeones de segunda mano:Secondhand Lions
942 _cDVD
999 _c1663
_d1663